[Event "Mittelrhein Verbandsliga-S 18/19"]
[Site "Nordrheinwestfalen"]
[Date "2018.11.18"]
[Round "4.3"]
[White "Evers, Leo"]
[Black "Yilmaz, Izzet"]
[Result "1-0"]
[WhiteElo "1997"]
[BlackElo "1841"]
[PlyCount "79"]
[EventDate "2018.09.02"]
[EventType "team-tourn"]
[EventRounds "11"]
[EventCountry "GER"]
[SourceTitle "EXT 2022"]
[Source "ChessBase"]
[SourceDate "2021.10.06"]
[SourceVersion "1"]
[SourceVersionDate "2021.10.06"]
[SourceQuality "1"]
[WhiteTeam "Porz SG IV"]
[BlackTeam "Satranc Club"]
[WhiteTeamCountry "GER"]
[BlackTeamCountry "GER"]

1. d4 e6 2. c4 Bb4+ 3. Nd2 c5 4. Ngf3 Nf6 5. e3 d6 6. a3 Bxd2+ 7. Qxd2 Qe7 8. Qc3 Nc6 9. b4 cxd4 10. Nxd4 Bd7 11. Bb2 e5 12. Nb5 Be6 13. Rd1 Rd8 14. Qd3 d5 15. c5 Ne4 16. Qc2 a6 17. f3 0-0 18. fxe4 axb5 19. Bxb5 Qg5 20. Qf2 dxe4 21. 0-0 f6 22. Rd6 Rxd6 23. cxd6 Rd8 24. Rd1 Ne7 25. h4 Qf5 26. Qc2 Nd5 27. Rxd5 Bxd5 28. Qc7 Qc8 29. Qe7 Bc6 30. Bc4+ Kh8 31. Be6 Bd7 32. Bd5 Bc6 33. Be6 Bd7 34. Bb3 Re8 35. Qf7 Qc6 36. Bd5 Qxd6 37. Bxe4 b5 38. Qh5 f5 39. Bxf5 Bxf5 40. Qxe8+ 1-0

[Event "Mittelrhein Verbandsliga-O 16/17"]
[Site "Nordrheinwestfalen"]
[Date "2017.02.19"]
[Round "8.3"]
[White "Evers, Leo"]
[Black "Simons, Peter"]
[Result "1-0"]
[WhiteElo "2007"]
[BlackElo "2061"]
[PlyCount "83"]
[EventDate "2016.09.11"]
[EventType "team-tourn"]
[EventRounds "11"]
[EventCountry "GER"]
[SourceTitle "EXT 2022"]
[Source "ChessBase"]
[SourceDate "2021.10.06"]
[SourceVersion "1"]
[SourceVersionDate "2021.10.06"]
[SourceQuality "1"]
[WhiteTeam "Porz SG IV"]
[BlackTeam "Rheinbacher SF"]
[WhiteTeamCountry "GER"]
[BlackTeamCountry "GER"]

1. d4 d5 2. c4 dxc4 3. e4 c5 4. d5 e6 5. Bxc4 exd5 6. Bxd5 Nc6 7. Bxc6+ bxc6 8. Qxd8+ Kxd8 9. Nf3 f6 10. Be3 Be6 11. 0-0 Rb8 12. b3 Kc7 13. Rd1 g5 14. Na3 a5 15. Rac1 a4 16. Bxc5 Bxc5 17. Rxc5 axb3 18. Nd4 Bd7 19. axb3 Ne7 20. Rdc1 Rb4 21. Nac2 Rb6 22. Ne3 Kd6 23. Ra5 Rb7 24. e5+ fxe5 25. Nc4+ Kc7 26. Rxe5 Ng6 27. Rxg5 Re8 28. Na5 Rb6 29. g3 Re4 30. Nb5+ Kb8 31. Nd6 Re7 32. Ndc4 Ra6 33. Ne3 Ne5 34. Rg8+ Ka7 35. Nac4 Nf3+ 36. Kg2 Nd4 37. Nd6 Nxb3 38. Rb1 c5 39. Nc8+ Bxc8 40. Rxc8 Rb7 41. Rd1 Ra2 42. Rdd8 1-0

[Event "Cologne Longerich op-A 13th"]
[Site "Cologne"]
[Date "2016.08.14"]
[Round "4"]
[White "Evers, Leo"]
[Black "Hoffmann, Philipp"]
[Result "1-0"]
[WhiteElo "2054"]
[BlackElo "1845"]
[PlyCount "65"]
[EventDate "2016.08.12"]
[EventType "swiss"]
[EventRounds "5"]
[EventCountry "GER"]
[SourceTitle "EXT 2022"]
[Source "ChessBase"]
[SourceDate "2021.10.06"]
[SourceVersion "1"]
[SourceVersionDate "2021.10.06"]
[SourceQuality "1"]

1. d4 f5 2. g3 Nf6 3. Bg2 g6 4. Nf3 Bg7 5. 0-0 0-0 6. b3 d6 7. Bb2 Nfd7 8. Ng5 Nc5 9. Nc3 h6 10. Nh3 Ne4 11. Qd3 Nxc3 12. Bxc3 e5 13. dxe5 dxe5 14. Qc4+ Kh7 15. Rad1 Nd7 16. e4 f4 17. gxf4 exf4 18. Bxg7 Kxg7 19. e5 f3 20. e6 fxg2 21. Rfe1 Re8 22. exd7 Rxe1+ 23. Rxe1 Bxd7 24. Rd1 Qc8 25. Qd4+ Kg8 26. Qxd7 Qf8 27. Qe6+ Kh8 28. Qe5+ Kg8 29. Qe6+ Kh8 30. Qxg6 Re8 31. Nf4 Re5 32. Ne6 Qe7 33. Rd8+ 1-0

[Event "Cologne Longerich op-A 13th"]
[Site "Cologne"]
[Date "2016.08.13"]
[Round "3"]
[White "Schmidt, Johannes"]
[Black "Evers, Leo"]
[Result "1/2-1/2"]
[WhiteElo "2145"]
[BlackElo "2054"]
[PlyCount "36"]
[EventDate "2016.08.12"]
[EventType "swiss"]
[EventRounds "5"]
[EventCountry "GER"]
[SourceTitle "EXT 2022"]
[Source "ChessBase"]
[SourceDate "2021.10.06"]
[SourceVersion "1"]
[SourceVersionDate "2021.10.06"]
[SourceQuality "1"]

1. c4 c5 2. g3 Nc6 3. Bg2 g6 4. Nc3 Bg7 5. Nf3 e6 6. 0-0 Nge7 7. d3 0-0 8. Bg5 h6 9. Bd2 a6 10. a3 Rb8 11. Rb1 b5 12. cxb5 axb5 13. Ne4 d6 14. b4 cxb4 15. axb4 Kh7 16. Bc3 e5 17. Qb3 Be6 18. Qb2 Kg8 1/2-1/2

[Event "Mittelrhein Verbandsliga-O 15/16"]
[Site "Nordrheinwestfalen"]
[Date "2016.04.10"]
[Round "10"]
[White "Evers, Leo"]
[Black "Zinchenko, Yaroslav"]
[Result "0-1"]
[WhiteElo "1966"]
[BlackElo "2538"]
[PlyCount "54"]
[EventDate "2015.09.06"]
[EventType "team-tourn"]
[EventRounds "11"]
[EventCountry "GER"]
[SourceTitle "EXT 2022"]
[Source "ChessBase"]
[SourceDate "2021.10.06"]
[SourceVersion "1"]
[SourceVersionDate "2021.10.06"]
[SourceQuality "1"]
[WhiteTeam "Porz SG IV"]
[BlackTeam "Siegburg"]
[WhiteTeamCountry "GER"]
[BlackTeamCountry "GER"]

1. d4 Nf6 2. c4 g6 3. Nc3 d5 4. cxd5 Nxd5 5. Bd2 Nb6 6. e3 Bg7 7. Nf3 0-0 8. Be2 Nc6 9. 0-0 e5 10. dxe5 Nxe5 11. Nxe5 Bxe5 12. Rc1 Be6 13. b3 Qe7 14. Bf3 c6 15. Qe2 a5 16. Na4 Nxa4 17. bxa4 Qa3 18. Qe1 Qxa2 19. Rc5 Bd6 20. Rxa5 Bc4 21. Qb1 Qxd2 22. Rxa8 Rxa8 23. Rd1 Qb4 24. Qxb4 Bxb4 25. Rb1 Rxa4 26. g3 Bd3 27. Rd1 Ra3 0-1

[Event "Cologne Longerich op-A 11th"]
[Site "Cologne"]
[Date "2014.08.03"]
[Round "5"]
[White "Evers, Leo"]
[Black "Levink, Clemens"]
[Result "1-0"]
[WhiteElo "2087"]
[BlackElo "1806"]
[PlyCount "71"]
[EventDate "2014.08.01"]
[EventType "swiss"]
[EventRounds "5"]
[EventCountry "GER"]
[SourceTitle "EXT 2022"]
[Source "ChessBase"]
[SourceDate "2021.10.06"]
[SourceVersion "1"]
[SourceVersionDate "2021.10.06"]
[SourceQuality "1"]

1. d4 Nf6 2. c4 c5 3. d5 e6 4. Nc3 exd5 5. cxd5 d6 6. g3 g6 7. Bg2 Bg7 8. Nf3 0-0 9. 0-0 Re8 10. Nd2 a6 11. a4 Nbd7 12. h3 Rb8 13. Nc4 Qc7 14. Na3 Bf8 15. e4 b6 16. Kh2 Bb7 17. f4 Bg7 18. Nc4 Rf8 19. Ra3 Ne8 20. Re1 Bc8 21. e5 b5 22. e6 fxe6 23. dxe6 Ndf6 24. axb5 axb5 25. e7 Rf7 26. Nd5 Nxd5 27. Bxd5 Bd4 28. Ne3 Bb7 29. Ra7 Qb6 30. Rxb7 Rxb7 31. Ng4 Kg7 32. Bxf7 Kxf7 33. Qf3 Rxe7 34. Qd5+ Kf8 35. Nh6 Qb7 36. Qg8# 1-0

[Event "Cologne Longerich op-A 11th"]
[Site "Cologne"]
[Date "2014.08.02"]
[Round "2"]
[White "Kuhn, Andreas2222"]
[Black "Evers, Leo"]
[Result "1-0"]
[WhiteElo "1926"]
[BlackElo "2087"]
[PlyCount "103"]
[EventDate "2014.08.01"]
[EventType "swiss"]
[EventRounds "5"]
[EventCountry "GER"]
[SourceTitle "EXT 2022"]
[Source "ChessBase"]
[SourceDate "2021.10.06"]
[SourceVersion "1"]
[SourceVersionDate "2021.10.06"]
[SourceQuality "1"]

1. Nf3 c5 2. c4 Nc6 3. g3 g6 4. Bg2 Bg7 5. Nc3 e6 6. e3 Nge7 7. 0-0 Nf5 8. b3 0-0 9. Bb2 a6 10. Qc2 d6 11. Rfd1 e5 12. d3 Re8 13. Rd2 Rb8 14. Ne2 Bh6 15. Re1 Bd7 16. Rdd1 b5 17. Nc3 Bg7 18. Ne4 h5 19. h4 Bc8 20. Kh2 Nh6 21. cxb5 axb5 22. d4 Nb4 23. Qb1 f5 24. dxc5 fxe4 25. Qxe4 d5 26. Qxb4 Ng4+ 27. Kg1 e4 28. Nd4 Qf6 29. Qd2 Rf8 30. Rf1 Ne5 31. Ba1 Bg4 32. Rb1 Qf7 33. c6 Nf3+ 34. Nxf3 exf3 35. Bh1 Bxa1 36. Rxa1 Qe6 37. Rac1 Rbc8 38. Rfd1 Rfd8 39. Qd3 b4 40. Qb5 Rd6 41. c7 g5 42. hxg5 h4 43. gxh4 Bh5 44. Qxb4 Qd7 45. Qf4 Rxc7 46. Rxc7 Qxc7 47. Bxf3 Bxf3 48. Qxf3 Qd7 49. a4 d4 50. Rxd4 Rxd4 51. exd4 Qxd4 52. g6 1-0

[Event "Cologne Longerich op-A 11th"]
[Site "Cologne"]
[Date "2014.08.01"]
[Round "1"]
[White "Evers, Leo"]
[Black "Schilling, Florian"]
[Result "1/2-1/2"]
[WhiteElo "2087"]
[BlackElo "1936"]
[PlyCount "138"]
[EventDate "2014.08.01"]
[EventType "swiss"]
[EventRounds "5"]
[EventCountry "GER"]
[SourceTitle "EXT 2022"]
[Source "ChessBase"]
[SourceDate "2021.10.06"]
[SourceVersion "1"]
[SourceVersionDate "2021.10.06"]
[SourceQuality "1"]

1. d4 e6 2. c4 Nf6 3. g3 d5 4. Bg2 Be7 5. Nf3 0-0 6. 0-0 dxc4 7. Qc2 Nbd7 8. Qxc4 Nb6 9. Qc2 Bd7 10. Ne5 Nfd5 11. a3 Bb5 12. Rd1 c6 13. e4 Nf6 14. Be3 Rc8 15. Nc3 Ba6 16. b4 Nfd7 17. Nxd7 Qxd7 18. Na4 Nxa4 19. Qxa4 Qc7 20. Rac1 Bb5 21. Qb3 Be2 22. Rd2 Bh5 23. d5 exd5 24. exd5 Rfd8 25. dxc6 bxc6 26. Rxc6 Qe5 27. Rxd8+ Rxd8 28. Rc1 a6 29. h3 h6 30. Qc4 a5 31. Bb6 Be2 32. Qe4 Qxe4 33. Bxe4 Re8 34. Bc6 Rc8 35. Bxa5 Bg5 36. f4 Bf6 37. Re1 Rxc6 38. Rxe2 Rc3 39. Kg2 Rxa3 40. Bb6 Bc3 41. Bc5 Rb3 42. Re8+ Kh7 43. Re7 Bxb4 44. Bxb4 Rxb4 45. Rxf7 Kg6 46. Re7 Kf6 47. Re3 Rc4 48. Kf3 Rb4 49. g4 Rb5 50. Ra3 Rb6 51. Rd3 Re6 52. h4 Kf7 53. Rd7+ Kg8 54. h5 Re1 55. Rd5 Kf7 56. Rf5+ Kg8 57. Re5 Rg1 58. g5 hxg5 59. fxg5 Kf7 60. Ke4 Re1+ 61. Kd5 Rd1+ 62. Kc6 Rh1 63. g6+ Kf6 64. Rd5 Rc1+ 65. Kd7 Ra1 66. Ke8 Ra8+ 67. Rd8 Rxd8+ 68. Kxd8 Kg5 69. Ke7 Kxh5 1/2-1/2

[Event "Mittelrhein Verbandsliga Ost 1314"]
[Site "Mittelrhein"]
[Date "2014.04.06"]
[Round "9.3"]
[White "Evers, Leo"]
[Black "Loeffler, Friedrich"]
[Result "0-1"]
[WhiteElo "1979"]
[BlackElo "1952"]
[PlyCount "118"]
[EventDate "2013.09.15"]
[EventType "team-tourn"]
[EventRounds "11"]
[EventCountry "GER"]
[SourceTitle "EXT 2023"]
[Source "ChessBase"]
[SourceDate "2022.10.05"]
[SourceVersion "1"]
[SourceVersionDate "2022.10.05"]
[SourceQuality "1"]
[WhiteTeam "Koeln Porz III"]
[BlackTeam "Bruehl II"]
[WhiteTeamCountry "GER"]
[BlackTeamCountry "GER"]

1. d4 Nf6 2. c4 e6 3. g3 c5 4. d5 exd5 5. cxd5 d6 6. Nc3 a6 7. a4 g6 8. Bg2 Bg7 9. Nf3 0-0 10. 0-0 Nbd7 11. Nd2 Qc7 12. Nc4 Re8 13. h3 Rb8 14. a5 b5 15. axb6 Nxb6 16. Na5 Bb7 17. e4 Nfd7 18. f4 c4 19. Kh2 Nc5 20. Be3 Nd3 21. Bxb6 Qxb6 22. Nxc4 Nxb2 23. Nxb6 Nxd1 24. Rfxd1 Bxc3 25. Rac1 Bc8 26. Rxc3 Rxb6 27. Rc6 Rb2 28. Rxd6 Bb7 29. Kg1 Rc8 30. e5 Rc3 31. Kh2 Rcc2 32. Rg1 Rd2 33. Kh1 a5 34. Rd8+ Kg7 35. Rd7 Bc8 36. e6 Bxd7 37. exd7 Rb8 38. Rc1 Rd8 39. Rc7 Kf6 40. Ra7 Ke7 41. Rxa5 Rxd7 42. Ra1 Rc7 43. Re1+ Kf6 44. d6 Rxd6 45. Re2 Rc1+ 46. Kh2 Rcd1 47. Ra2 R1d2 48. Ra1 h5 49. h4 Rb6 50. Rg1 Rbb2 51. Kh1 Re2 52. Kh2 Kf5 53. Kh3 Rf2 54. Kh2 Kg4 55. f5 gxf5 56. Kh1 Rxg2 57. Rc1 Rh2+ 58. Kg1 Rbg2+ 59. Kf1 Rh1+ 0-1

[Event "Mittelrhein Verbandsliga Ost 1314"]
[Site "Mittelrhein"]
[Date "2014.01.19"]
[Round "6.3"]
[White "Kneutgen, Alexander"]
[Black "Evers, Leo"]
[Result "0-1"]
[WhiteElo "1997"]
[BlackElo "2029"]
[PlyCount "78"]
[EventDate "2013.09.15"]
[EventType "team-tourn"]
[EventRounds "11"]
[EventCountry "GER"]
[SourceTitle "EXT 2023"]
[Source "ChessBase"]
[SourceDate "2022.10.05"]
[SourceVersion "1"]
[SourceVersionDate "2022.10.05"]
[SourceQuality "1"]
[WhiteTeam "Niederkassel II"]
[BlackTeam "Koeln Porz III"]
[WhiteTeamCountry "GER"]
[BlackTeamCountry "GER"]

1. e4 c5 2. Nc3 Nc6 3. g3 g6 4. Bg2 Bg7 5. d3 Rb8 6. f4 b5 7. Nf3 b4 8. Nd5 e6 9. Ne3 Nge7 10. 0-0 0-0 11. f5 d5 12. f6 Bxf6 13. Ng4 Bg7 14. Nh6+ Kh8 15. Ng5 Bxh6 16. Nxf7+ Rxf7 17. Rxf7 Ne5 18. Rf2 Bxc1 19. Qxc1 Ng4 20. Qf4 Nxf2 21. Qxb8 Ng4 22. exd5 Nxd5 23. Bxd5 exd5 24. Rf1 Qe8 25. h3 Ne3 26. Re1 d4 27. g4 Qd7 28. Qe5+ Kg8 29. Re2 Qe6 30. Qf4 Qf7 31. Qxf7+ Kxf7 32. Kf2 Be6 33. a3 a5 34. axb4 axb4 35. Kg3 Ke7 36. Kf4 Kf6 37. g5+ Ke7 38. Ke5 Bxh3 39. Re1 Kd7 0-1

[Event "Verbandsliga Mittelrhein-Ost 1213"]
[Site "Germany"]
[Date "2013.04.14"]
[Round "9.3"]
[White "Evers, Leo"]
[Black "Gaehler, Cornelius"]
[Result "0-1"]
[WhiteElo "2032"]
[BlackElo "2095"]
[PlyCount "80"]
[EventDate "2012.09.09"]
[EventType "team"]
[EventRounds "11"]
[EventCountry "GER"]
[SourceTitle "EXT 2015"]
[Source "ChessBase"]
[SourceDate "2014.11.20"]
[SourceVersion "1"]
[SourceVersionDate "2014.11.20"]
[SourceQuality "1"]
[WhiteTeam "Koeln Porz III"]
[BlackTeam "Rheinbacher SF"]
[WhiteTeamCountry "GER"]
[BlackTeamCountry "GER"]

1. d4 f5 2. Nf3 Nf6 3. g3 g6 4. Bg2 Bg7 5. 0-0 0-0 6. b3 d6 7. Bb2 c6 8. c4 Qc7 9. Nbd2 Na6 10. a3 Bd7 11. Qc2 Nh5 12. e4 f4 13. b4 h6 14. Qb3 Qd8 15. c5+ Kh7 16. cxd6 exd6 17. d5 g5 18. Bxg7 Nxg7 19. dxc6 bxc6 20. Qd3 Nc7 21. Qxd6 Nb5 22. Qc5 g4 23. Ne5 Ne6 24. Qc4 f3 25. Ndxf3 gxf3 26. Nxf3 Qe7 27. Rad1 Rad8 28. a4 Nd6 29. Qc2 Nf7 30. Nh4 Nh8 31. Nf5 Qxb4 32. Rb1 Qc5 33. Qd2 Ng5 34. Rb7 Rf7 35. Rd1 Bxf5 36. Qxd8 Rxb7 37. exf5 Qxf5 38. Bxc6 Nh3+ 39. Kg2 Rg7 40. Qd3 Nf4+ 0-1

[Event "Cologne Longerich op 09th"]
[Site "Cologne"]
[Date "2012.08.05"]
[Round "5"]
[White "Boschek, Hans Joachim"]
[Black "Evers, Leo"]
[Result "0-1"]
[WhiteElo "1867"]
[BlackElo "2034"]
[PlyCount "34"]
[EventDate "2012.08.03"]
[EventType "tourn"]
[EventRounds "5"]
[EventCountry "GER"]
[SourceTitle "EXT 2017"]
[Source "ChessBase"]
[SourceDate "2016.10.25"]
[SourceVersion "1"]
[SourceVersionDate "2016.10.25"]
[SourceQuality "1"]

1. g3 d5 2. Bg2 e5 3. d3 c6 4. Nd2 Nf6 5. e3 Bd6 6. Ne2 Be6 7. b3 0-0 8. Bb2 Re8 9. 0-0 Qd7 10. Re1 Bh3 11. Bh1 h5 12. e4 Bc5 13. Bxe5 Rxe5 14. d4 Bb6 15. dxe5 Ng4 16. Rf1 Bxf1 17. Nxf1 Nxf2 0-1

[Event "Cologne Longerich op 09th"]
[Site "Cologne"]
[Date "2012.08.03"]
[Round "1"]
[White "Brecker, Hans Joerg"]
[Black "Evers, Leo"]
[Result "0-1"]
[WhiteElo "1893"]
[BlackElo "2034"]
[PlyCount "52"]
[EventDate "2012.08.03"]
[EventType "tourn"]
[EventRounds "5"]
[EventCountry "GER"]
[SourceTitle "EXT 2017"]
[Source "ChessBase"]
[SourceDate "2016.10.25"]
[SourceVersion "1"]
[SourceVersionDate "2016.10.25"]
[SourceQuality "1"]

1. d4 Nf6 2. Nf3 c5 3. g3 cxd4 4. Nxd4 e5 5. Nb3 d5 6. Bg2 h6 7. 0-0 Nc6 8. N1d2 a5 9. a4 Be6 10. e3 Be7 11. Qe2 Rc8 12. Qb5 0-0 13. c3 b6 14. f4 e4 15. h3 Bd7 16. Qe2 Qe8 17. g4 Nh7 18. c4 Nb4 19. cxd5 Nc2 20. Rb1 Bxa4 21. Bxe4 Nb4 22. Nd4 Bc5 23. b3 Nf6 24. Bf5 Bxd4 25. Bxc8 Bxe3+ 26. Kh2 Bxf4+ 0-1